000 00533cam a2200193 a 4500
020 _a9780077386436
020 _a0077386434
020 _a9780073404875
020 _a007340487X
050 0 0 _aHF 5415
_b.G67 2011
100 1 _aGrewal, Dhruv.
245 1 0 _aMarketing /
_cDhruv Grewal, Michael Levy.
250 _a2nd ed.
260 _aNew York :
_bMcGraw Hill/Irwin,
_cc2011.
300 _ax, 422 p. :
700 1 _aLevy, Michael,
856 4 2 _uhttp://www.loc.gov/catdir/enhancements/fy1013/2009940704-d.html
942 _2lcc
_cGEN
999 _c8257
_d8257